|
|
|
|
| LEADER |
00000cam a2200000 7i4500 |
| 001 |
0000000646 |
| 005 |
20151222.0 |
| 008 |
070702 |
| 020 |
|
|
|a 9838913995
|
| 020 |
|
|
|a 9838914037(set)
|
| 090 |
0 |
0 |
|a JF
|b AD MAL (341)
|
| 100 |
0 |
|
|a Muhammad bin Harun
|
| 245 |
1 |
0 |
|a Lain yang dituju lain yang kena
|c Muhammad bin Harun
|
| 260 |
|
|
|a Selangor :
|b Penerbitan Orkid ,
|c 2005
|
| 440 |
|
0 |
|a Empat sekawan terus beraksi
|
| 500 |
|
|
|a Children ages 7-9 years old (orange)
|
| 650 |
|
0 |
|a Detective stories, Malay
|
| 650 |
|
0 |
|a Malay fiction
|
| 999 |
|
|
|a 0000904360
|b Book
|c Teenagers
|e Cawangan Bandar Tenggara
|
| 999 |
|
|
|a 0000917628
|b Book
|c Children Collection
|e Cawangan Bukit Gambir
|
| 999 |
|
|
|a 0000917629
|b Book
|c Children Collection
|e Cawangan Bukit Gambir
|
| 999 |
|
|
|a 0000917630
|b Book
|c Children Collection
|e Cawangan Bukit Gambir
|
| 999 |
|
|
|a 0000929987
|b Book
|c Children Collection
|e Cawangan Tangkak
|
| 999 |
|
|
|a 0000929988
|b Book
|c Children Collection
|e Cawangan Tangkak
|
| 999 |
|
|
|a 0000929989
|b Book
|c Children Collection
|e Cawangan Tangkak
|
| 999 |
|
|
|a 0000957537
|b Book
|c Children Collection
|e Cawangan Kota Tinggi
|
| 999 |
|
|
|a 0000957538
|b Book
|c Children Collection
|e Cawangan Bandar Tenggara
|
| 999 |
|
|
|a 0000957539
|b Book
|c Children Collection
|e Perbadanan Perpustakaan Awam Johor
|
| 999 |
|
|
|a 0000957540
|b Book
|c Children Collection
|e Cawangan Mersing
|
| 999 |
|
|
|a 0000957851
|b Book
|c Children Collection
|e Cawangan Pontian
|
| 999 |
|
|
|a 0001051919
|b Book
|c Children Collection
|e Cawangan Bandar Penawar
|
| 999 |
|
|
|a 0001051921
|b Book
|c Children Collection
|e Cawangan Taman Universiti
|